<?xml version="1.0" encoding="UTF-8"?>
<record
    xmlns:xsi="http://www.w3.org/2001/XMLSchema-instance"
    xsi:schemaLocation="http://www.loc.gov/MARC21/slim http://www.loc.gov/standards/marcxml/schema/MARC21slim.xsd"
    xmlns="http://www.loc.gov/MARC21/slim">

  <leader>02444nam a2200289 a 4500</leader>
  <controlfield tag="003">OSt</controlfield>
  <controlfield tag="005">20251113113626.0</controlfield>
  <controlfield tag="007">cr ||||||a|c|a</controlfield>
  <controlfield tag="008">240213s2020    mx a|||fom||| 001 0 spa d</controlfield>
  <datafield tag="040" ind1=" " ind2=" ">
    <subfield code="e">rda</subfield>
  </datafield>
  <datafield tag="100" ind1="1" ind2=" ">
    <subfield code="9">188706</subfield>
    <subfield code="a">Saragoz P&#xE9;rez, Juan Carlos</subfield>
  </datafield>
  <datafield tag="245" ind1="1" ind2="0">
    <subfield code="a">Modelo de regresi&#xF3;n no lineal para describir la curva de crecimiento de aves criollas /</subfield>
    <subfield code="c">por Juan Carlos Saragoz P&#xE9;rez; director de tesis Juan Manuel Cuca Garc&#xED;a.</subfield>
  </datafield>
  <datafield tag="264" ind1=" " ind2="1">
    <subfield code="a">Chapingo, M&#xE9;xico :</subfield>
    <subfield code="b">El autor,</subfield>
    <subfield code="c">2020.</subfield>
  </datafield>
  <datafield tag="300" ind1=" " ind2=" ">
    <subfield code="a">1 recurso en l&#xED;nea (33 p&#xE1;ginas):</subfield>
    <subfield code="b">cuadros, figuras.</subfield>
  </datafield>
  <datafield tag="336" ind1=" " ind2=" ">
    <subfield code="2">rdacontent</subfield>
    <subfield code="a">texto</subfield>
    <subfield code="b">txt</subfield>
  </datafield>
  <datafield tag="337" ind1=" " ind2=" ">
    <subfield code="2">rdamedia</subfield>
    <subfield code="a">computadora</subfield>
    <subfield code="b">c</subfield>
  </datafield>
  <datafield tag="338" ind1=" " ind2=" ">
    <subfield code="2">rdacarrier</subfield>
    <subfield code="a">recurso en l&#xED;nea</subfield>
    <subfield code="b">cr</subfield>
  </datafield>
  <datafield tag="502" ind1=" " ind2=" ">
    <subfield code="b">IAEZ</subfield>
    <subfield code="c">Zootecn&#xED;a</subfield>
    <subfield code="d">2020.</subfield>
    <subfield code="g">LIC</subfield>
  </datafield>
  <datafield tag="504" ind1=" " ind2=" ">
    <subfield code="a">Incluye referencias bibliogr&#xE1;ficas: p&#xE1;ginas 21-24.</subfield>
  </datafield>
  <datafield tag="520" ind1=" " ind2=" ">
    <subfield code="a">El objetivo de la investigaci&#xF3;n fue determinar el modelo no lineal Gompertz (MNLG), Log&#xED;stico (MNLL), Richards (MNLR) y Von Bertalanffy (MNLV) que mejor ajusta para describir la curva de crecimiento de aves Criollas hembras y machos. Se utilizaron 50 aves por cada sexo, el peso vivo se registr&#xF3; cada tercer d&#xED;a de forma individual hasta los 63 d&#xED;as de edad. Los MNLG, MNLL, MNLR y MNLV fueron utilizados, a partir de 1100 observaciones por sexo se calcul&#xF3; el peso vivo inicial (W0), edad al m&#xE1;ximo crecimiento (t), peso asint&#xF3;tico (WA), tasa de crecimiento inicial (L), tasa de crecimiento exponencial (K), edad al punto de inflexi&#xF3;n (ti). Los criterios utilizados para seleccionar el modelo fueron suma de cuadrados del error, coeficiente de determinaci&#xF3;n, coeficiente de determinaci&#xF3;n ajustada, m&#xE1;xima verosimilitud, criterio de informaci&#xF3;n Bayesiano y criterio de informaci&#xF3;n Akaike. El MNLL mostr&#xF3; la tasa de crecimiento machos y hembras (0.0662 g; 0.0671 g) alta a comparaci&#xF3;n de los otros modelos indicando alcanzar el peso maduro a una edad m&#xE1;s temprana, caso contrario con el MNLR (0.0069 g; 0.0084 g) los valores K indican la lentitud para alcanzar el peso asint&#xF3;tico. El MNLG describe mejor la curva de crecimiento en ambos sexos.</subfield>
  </datafield>
  <datafield tag="650" ind1=" " ind2="4">
    <subfield code="9">188708</subfield>
    <subfield code="a">Gallinas criollas</subfield>
    <subfield code="x">Crecimiento</subfield>
  </datafield>
  <datafield tag="650" ind1=" " ind2="4">
    <subfield code="9">188707</subfield>
    <subfield code="a">Gallinas criollas</subfield>
    <subfield code="x">Peso</subfield>
  </datafield>
  <datafield tag="650" ind1=" " ind2="4">
    <subfield code="9">143414</subfield>
    <subfield code="a">Curvas de Crecimiento </subfield>
  </datafield>
  <datafield tag="700" ind1="1" ind2=" ">
    <subfield code="9">188711</subfield>
    <subfield code="a">Cuca Garc&#xED;a, Juan Manuel</subfield>
    <subfield code="e">director.</subfield>
  </datafield>
  <datafield tag="856" ind1=" " ind2=" ">
    <subfield code="u">http://10.13.5.2/tesis/tl/Saragoz_Perez_Juan_Carlos.pdf</subfield>
    <subfield code="z">DESCARGAR PDF</subfield>
  </datafield>
  <datafield tag="942" ind1=" " ind2=" ">
    <subfield code="2">Clasificaci&#xF3;n Universidad Aut&#xF3;noma Chapingo</subfield>
    <subfield code="c">TD</subfield>
  </datafield>
  <datafield tag="999" ind1=" " ind2=" ">
    <subfield code="c">219673</subfield>
    <subfield code="d">219673</subfield>
  </datafield>
  <datafield tag="952" ind1=" " ind2=" ">
    <subfield code="0">0</subfield>
    <subfield code="1">0</subfield>
    <subfield code="2">local</subfield>
    <subfield code="4">0</subfield>
    <subfield code="5">1</subfield>
    <subfield code="7">0</subfield>
    <subfield code="8">TesDigL</subfield>
    <subfield code="a">BD</subfield>
    <subfield code="b">BD</subfield>
    <subfield code="c">E_L</subfield>
    <subfield code="d">2024-02-13</subfield>
    <subfield code="l">0</subfield>
    <subfield code="o">Tesis digital</subfield>
    <subfield code="r">2024-02-13 00:00:00</subfield>
    <subfield code="w">2024-02-13</subfield>
    <subfield code="y">TD</subfield>
  </datafield>
</record>
